000 00627nam a2200193Ia 4500
008 240729s9999 xx 000 0 und d
022 _a2788-712X
245 0 _aIraqi Journal of Industrial Research
260 _aIraq
260 _bCorporation of Research and Industrial Development
650 _a Industrial engineering. Management engineering
650 _a Industries. Land use. Labor
650 _a Special industries and trades | Technology
650 _a Technology (General)
650 _aSocial Sciences
856 _uhttps://doaj.org/toc/8ede5468f35c4edc852b7aa35d724580
942 _2ddc
942 _cDOAJEJ
999 _c71272
_d71272
945 _a1
_bMadushi Gamage
_c1
_dMadushi Gamage